000 00368nam a2200157Ia 4500
008 230917s9999||||xx |||||||||||||| ||und||
040 _e141188
_aMAIN
041 _aEnglish
082 _a346.03 R186L
100 _aRanchod, Rattanlal
245 0 _aLaw of torts
250 _a24th ed.
260 _aDelhi
_bWadhwa
_c2007
300 _aclxxii, 898p p.
942 _cBK
999 _c140367
_d140367